| 000 | 01038nam a22002537a 4500 | ||
|---|---|---|---|
| 005 | 2011022207587.0 | ||
| 008 | 110222t xxu||||| |||| 00| 0 mar d | ||
| 010 | _aMAR-20633 | ||
| 020 | _c200.00 | ||
| 035 | _aMR-13291 | ||
| 037 | _bDBAD / PUB | ||
| 040 |
_aDPL _bMR |
||
| 082 | _a181.4 | ||
| 100 |
_926164 _aभारद्वाज,वसु |
||
| 245 |
_aएणें वरें ज्ञानदेवों... / _cवसु भारद्वाज _b |
||
| 246 |
_aEne Vare Dhyandevo _bVasu Bharadwaj |
||
| 260 |
_aपुणे _bप्रतिमा प्रकाशन _c2010 |
||
| 270 |
_a1362,सदाशिव पेठ _bपुणे _e411030 |
||
| 300 |
_a206पृ _c21सेमी (सजिल्द) |
||
| 650 | _926255 | ||
| 650 | _926256 | ||
| 942 |
_2ddc _cMR _mभारद्वा _h181.4 |
||
| 999 |
_c50800 _d50800 |
||